000 02170nam a2200457 c 4500
003 BLK
005 20241219112924.0
008 180408b bul|||||r ||||||| ||bul||
010 _aKNG00092943000
020 _a978-954-655-071-2
_bиздат.: Бард
040 _aBLK
041 _aBUL
_cBUL
080 _aИстория на цивилизацията. История на културата
_b930.85
_x(02.062)
_z930.85(02.062)
080 _aОткривателски пътешествия. Експедиции
_b910.4
_x(091)(02.062)
_z910.4(091)(02.062)
080 _aНаука. Наукознание. Организация на умствения труд
_b001
_x(091)(02.062)
_z001(091)(02.062)
100 1 _aКасълдън, Родни
_eпърви автор
_977524
700 1 _aДаскалов, Антон
_eпрев.
_9366164
139 _aКасълдън, Родни
_bК 45
245 1 0 _aОткритията, които промениха света
_bПовече от 150 големи открития
_cРодни Касълдън; прев. Антон Даскалов.
257 _aGBR
260 София
_bБард
_c2009
_fХасково : Полиграфюг
300 _a480 с.
_c21 см
380 _a9
500 _aОриг. загл. Discoveries That Changed the World / Rodney Castleden. - Офс. изд.
650 4 _aКултура - история
_9248181
650 7 _aГеографски пътешествия и открития - история
_2
_9151894
650 4 _aИзобретения - история
_9244564
650 4 _aОткрития - история
_9272522
653 _aсветовна история
653 _aоткрития
653 _aизобретения
653 _aнаучно-технически прогрес
653 _aгеографски открития
653 _aнаучни открития
852 _aЦб 246189
856 4 _qpdf
_u
856 4 _qpdf
_u
942 _cKNG
_n0
_04
944 _aCR
_c08.12.2009
_lГеновева Генчева
_k30560
944 _aED
_c10.01.2017
_lф /
_kЛюдмила_Стоянова
999 _c88281
_d88281